| 000 | 01432nam a2200361 c 4500 | ||
|---|---|---|---|
| 003 | BLK | ||
| 005 | 20240614164230.0 | ||
| 008 | 180409b bul|||||r ||||||| ||bul|| | ||
| 010 | _aKNG00134621000 | ||
| 020 |
_a978-954-529-788-5 _bиздат.: Колибри |
||
| 040 | _aBLK | ||
| 041 |
_aBUL _cBUL |
||
| 072 | 7 |
_2bullib _aН83 _xЧужда художествена литература Н |
|
| 080 |
_aИталианска литература _b821.131.1 _x-31 _z821.131.1-31 |
||
| 100 | 1 |
_aДжордано, Паоло _eпърви автор _9321439 |
|
| 700 | 1 |
_aФилипова, Ния _eпрев. на итал. _9377894 |
|
| 139 |
_aДжордано, Паоло _bД 52 |
||
| 245 | 1 | 0 |
_aСамотата на простите числа _bРоман _cПаоло Джордано; прев. на итал. Ния Филипова. |
| 257 | _aITA | ||
| 260 |
_аСофия _bКолибри _c2010 _fСофия : Инвестпрес |
||
| 300 |
_a288 с. _c20 см |
||
| 380 | _aX | ||
| 490 | 1 | _aСъвременна европейска проза | |
| 500 | _aОриг. загл. La solitudine dei numeri primi / Paolo Giordano. | ||
| 653 | _aромани | ||
| 659 | _aН | ||
| 852 | _aЦб 256533 | ||
| 856 | 4 |
_qpdf _u |
|
| 856 | 4 |
_qpdf _u |
|
| 942 |
_cKNG _n0 _019 |
||
| 944 |
_aCR _c09.10.2012 _lЦветелина Шанова _k30531 |
||
| 944 |
_aED _c08.08.2017 _lф / _kВиолета_Тройчева |
||
| 999 |
_c128889 _d128889 |
||